LEADER 00596nab a2200145 i 4500 001 000000317977 003 CaOOAMICUS 005 20180831173239.0 008 180831n it uu u0 0ita r 013 $a27266 040 $aSeMil$bita 100 1 $aGerosa, Gabriele,$c.$0(OLS)http://semarc/name/88765 245 12$aL'annuncio che cambia la vita - [rubrica] :$bIl Cardinale in seminario. 773 0 $t'annuncio che cambia la vitať. - 32 p. - Titolo dalla copertina.$gp.2-3$w()274787 996 $6245$aL'annuncio che cambia la vita - [rubrica] :$bIl Cardinale in seminario$9(OLS)http://semarc/title/391887 LEADER 01323nam a2200289 i 4500 001 000000055628 003 CaOOAMICUS 005 20101116000000.0 008 101116s1987 it u000 u ita u 013 $a26800 040 $aSeMil$bita 100 1 $aMilani, Lorenzo,$c.$0(OLS)http://semarc/name/17098 240 10$aFranco, perdonaci tutti : comunisti, industriali, preti ; Natale 1950.$0(OLS)http://semarc/title/86297 245 10$aLorenzo Milani :$bquaranta anni di storia scomoda /$cMario Pancera. 260 $aMilano :$bSan Paolo,$ccopyr. 1987. 300 $a191 p., [16] p. di tav. ;$c22 cm. 490 0 $aUomini e donne ;$v7 500 $aContiene : Due scritti / di Lorenzo Milani. 600 14$aMilani, Lorenzo .$0(OLS)http://semarc/subject/9740 650 4$aBiografie.$0(OLS)http://semarc/subject/2953 700 1 $aPancera, Mario <1930->.$0(OLS)http://semarc/name/27980 830 0$aUomini e donne ;$v7.$0(OLS)http://semarc/title/10136 850 $aSeMil 852 $aSeMil$W1$xVenegono$y1$m3J II 232$j21782$B21782$CSeMilBibl$Z2$F21784 $81 961 $aAcquisto: Casa editrice 996 $6245$aLorenzo Milani :$bquaranta anni di storia scomoda$9(OLS)http://semarc/title/86296 996 $6260$aMilano :$bSan Paolo$9(OLS)http://semarc/publisher/31226 LEADER 00439nab a2200133 i 4500 001 000000310462 003 CaOOAMICUS 005 20180831173014.0 008 180831n xx uu u0 0und r 013 $a19554 040 $aSeMil$bita 245 10$aRassegna Politico-Religiosa di Notizie e Documento. 773 0 $t[Gennaio-Giugno].$g333-336, 443-44$w()273961 996 $6245$aRassegna Politico-Religiosa di Notizie e Documento$9(OLS)http://semarc/title/385257